000 00345nam a2200133 a 4500
005 20140412111414.0
008 070703s19uu xx 00 eng d
020 _a0-307-98873-2
050 _aER
_bM115 1995
100 _aMayer, Gina
245 _aJust a bad day /
_cGina Mayer.
260 _aNew York :
_bGolden books,
_c1995.
999 _c105754
_d105754